000 00290nam a2200133 i 4500
001 bg
100 1 _aUNBEHAUEN, R.
245 0 _aSystemtheorie /
_cR. Unbehauen.
260 _aBerlin,
_c1969.
040 _cBPK
041 _apol
942 _cKS
008 s pl f |000 0 pol
999 _c11707
_d11707
856 _uhttp://koha.tu.koszalin.pl/cgi-bin/koha/opac-detail.pl?biblionumber=11707
_yKatalog online BPK